2024/25 European Football Mega Quiz - Statistics

General Stats
  • This quiz has been taken 113 times
    109 since last reset
  • The average score is 67 of 195
Answer Stats
Hint Answer % Correct
Premier League Champions Liverpool
99%
Premier League Champion Manager Arne Slot
93%
Premier League Golden Boot winner Mohamed Salah
92%
La Liga Winner Barcelona
83%
La Liga Winning Manager Hansi Flick
79%
Bundesliga Winner Bayern Munich
77%
Serie A Winner Napoli
77%
Ligue 1 Winner Paris Saint-Germain
77%
Bundesliga Top scorer Harry Kane
76%
UEFA Champions League Winner Paris Saint Germain
76%
Bundesliga Winning Manager Vincent Kompany
76%
Ligue 1 Top scorer Ousmane Dembele
72%
Ligue 1 Winning Manager Luis Enrique
69%
UEFA Champions League Winning Manager Luis Enrique
68%
UEFA Europa League Winner Tottenham Hotspur
67%
La Liga Pichichi Trophy Winner Kylian Mbappe
63%
Copa del Rey Winner Barcelona
61%
UEFA Conference League Winner Chelsea
61%
FA Cup Winner Crystal Palace
60%
UEFA Champions League Final Winning XI GK Donnarumma
60%
Copa del Rey Winning Manager Hansi Flick
59%
Winning Manager Antonio Conte
57%
Premier League Title Winning Game- v Tottenham GK Alisson
56%
Coup de France Winner Paris Saint-Germain
56%
Premier League Title Winning Game- v Tottenham RW Salah
56%
Premier League Title Winning Game- v Tottenham CB Van Dijk
56%
UEFA Conference League Winning Manager Enzo Maresca
55%
Coup de France Winning Manager Luis Enrique
55%
UEFA Champions League Final Winning XI ST Dembele
53%
UEFA Champions League Final Winning XI LB Mendes
52%
Premier League Title Winning Game- v Tottenham LB Robertson
52%
Premier League Title Winning Game- v Tottenham RB Alexander-Arnold
51%
UEFA Europa League Winning Manager Ange Postecoglou
51%
UEFA Champions League Final Winning XI RW Doue
51%
European Golden Shoe Top 10 5. Bayern Munich- 26 goals Harry Kane
51%
Premier League Title Winning Game- v Tottenham CB Konate
51%
European Golden Shoe Top 10 1. Real Madrid- 31 goals Kylian Mbappe
51%
Premier League Golden Glove winner (Joint) Matz Sels
51%
European Golden Shoe Top 10 3. Liverpool- 29 goals Mohamed Salah
51%
European Golden Shoe Top 10 4. Barcelona- 27 goals Robert Lewandowski
51%
UEFA Champions League Final Winning XI CDM Vitinha
51%
UEFA Champions League Final Winning XI RB Hakimi
49%
UEFA Champions League Final Winning XI CB Marquinhos
49%
European Golden Shoe Top 10 2. Sporting CP- 39 goals Viktor Gyokeres
49%
Top 5 Transfer Fee's 2024/25 Man City - Atletico Madrid £81.8m Julian Alvarez
48%
UEFA Champions League Final Winning XI CM Neves
48%
European Golden Shoe Top 10 8. Eintracht Frankfurt/ Manchester City- 22 goals Omar Marmoush
48%
La Liga Title Winning Game- v Espanyol RM Yamal
48%
European Golden Shoe Top 10 7. Newcastle United- 23 goals Alexander Isak
47%
Coppa Italia Winner Bologna
47%
Top 5 Transfer Fee's 2024/25 Aston Villa - Al Nassr £65m Jhon Duran
47%
La Liga Title Winning Game- v Espanyol ST Lewandowski
47%
Premier League Title Winning Game- v Tottenham CM Mac Allister
47%
Top 5 Transfer Fee's 2024/25 Eintracht Frankfurt- Man City £59m Omar Marmoush
47%
Serie A Most Clean Sheets Alex Meret
45%
Premier League Joint David Raya
45%
Premier League Title Winning Game- v Tottenham LW Gakpo
45%
Top 5 Transfer Fee's 2024/25 Napoli- Paris Saint-Germain £67.5m Khvicha Kvaratskhelia
45%
La Liga Title Winning Game- v Espanyol LM Raphinha
45%
UEFA Champions League Final Winning XI CM Ruiz
45%
Premier League Title Winning Game- v Tottenham CDM Gravenberch
44%
UEFA Europa League Final Winning XI CB Romero
44%
La Liga Title Winning Game- v Espanyol CAM Olmo
43%
UEFA Champions League Final Winning XI CB Pacho
43%
La Liga Title Winning Game- v Espanyol CM Pedri
43%
DfB Pokal Winner VfB Stuttgart
43%
UEFA Europa League Final Winning XI GK Vicario
43%
Premier League Title Winning Game- v Tottenham ST Diaz
41%
Ligue 1 Title Winning Game- v Angers GK Donnarumma
41%
UEFA Champions League Joint Raphinha
41%
UEFA Europa League Final Winning XI CB Van de Ven
41%
European Golden Shoe Top 10 6. Atalanta- 25 goals Mateo Retegui
40%
UEFA Champions League Top scorer (Joint) Serhou Guirassy
40%
Premier League Title Winning Game- v Tottenham CM Szoboszlai
40%
UEFA Conference League Final Winning XI LB Cucurella
39%
Top 5 Transfer Fee's 2024/25 Bournemouth - Tottenham £65m Dominic Solanke
39%
UEFA Conference League Final Winning XI CAM Palmer
39%
La Liga Title Winning Game- v Espanyol GK Szczesny
39%
Ligue 1 Title Winning Game- v Angers CB Marquinhos
37%
FA Cup Winning Manager Oliver Glasner
37%
European Golden Shoe Top 10 10. Bayer Leverkusen- 21 goals Patrik Schick
37%
Ligue 1 Title Winning Game- v Angers RW Doue
36%
Ligue 1 Title Winning Game- v Angers RB Hakimi
36%
UEFA Europa League Final Winning XI ST Solanke
36%
La Liga Title Winning Game- v Espanyol CB Araujo
35%
La Liga Title Winning Game- v Espanyol CM De Jong
35%
UEFA Conference League Final Winning XI ST Jackson
35%
Serie A Title Winning Game- v Cagliari ST Lukaku
35%
Serie A Title Winning Game- v Cagliari CM McTominay
35%
Serie A Title Winning Game- v Cagliari GK Meret
35%
Ligue 1 Title Winning Game- v Angers CM Ruiz
35%
Serie A Title Winning Game- v Cagliari RB Di Lorenzo
33%
FA Cup Final Winning XI CAM Eze
33%
Ligue 1 Title Winning Game- v Angers CB Pacho
33%
Copa del Rey Final Winning XI CM Pedri
33%
Copa del Rey Final Winning XI LM Raphinha
33%
UEFA Europa League Final Winning XI LB Udogie
33%
Ligue 1 Title Winning Game- v Angers CDM Vitinha
33%
Copa del Rey Final Winning XI RM Yamal
33%
UEFA Conference League Final Winning XI CM Fernandez
32%
La Liga Zamora Trophy Jan Oblak
32%
Copa del Rey Final Winning XI RB Kounde
32%
UEFA Europa League Final Winning XI RB Porro
32%
Ligue 1 Title Winning Game- v Angers ST Ramos
32%
UEFA Conference League Final Winning XI CM Caicedo
31%
Copa del Rey Final Winning XI CB Cubarsi
31%
FA Cup Final Winning XI GK Henderson
31%
Serie A Capocannoniere winner Mateo Retegui
31%
FA Cup Final Winning XI ST Mateta
31%
Copa del Rey Final Winning XI CAM Olmo
31%
UEFA Europa League Final Winning XI CM Bissouma
29%
Coup de France Final Winning XI ST Dembele
29%
Coup de France Final Winning XI RW Doue
29%
Coup de France Final Winning XI RB Hakimi
29%
UEFA Conference League Final Winning XI LM Madueke
29%
Coup de France Final Winning XI LB Mendes
29%
Coup de France Final Winning XI CM Neves
29%
Coup de France Final Winning XI CM Ruiz
29%
Coup de France Final Winning XI CDM Vitinha
29%
Copa del Rey Final Winning XI CM De Jong
28%
UEFA Conference League Final Winning XI RB Gusto
28%
UEFA Europa League Final Winning XI RM Johnson
28%
Ligue 1 Title Winning Game- v Angers LW Kvaratskhelia
28%
Coup de France Final Winning XI CB Pacho
28%
Copa del Rey Final Winning XI GK Szczesny
28%
UEFA Conference League Final Winning XI GK Jorgensen
27%
Coup de France Final Winning XI CB Marquinhos
27%
Coup de France Final Winning XI LW Barcola
25%
UEFA Conference League Final Winning XI CB Chalobah
25%
FA Cup Final Winning XI CB Guehi
25%
La Liga Title Winning Game- v Espanyol LB Martin
25%
UEFA Conference League Final Winning XI RM Neto
25%
Copa del Rey Final Winning XI ST Torres
25%
Serie A Title Winning Game- v Cagliari CM Anguissa
23%
La Liga Title Winning Game- v Espanyol RB Garcia
23%
FA Cup Final Winning XI CB Lacroix
23%
Copa del Rey Final Winning XI CB Martinez
23%
FA Cup Final Winning XI CM Wharton
23%
UEFA Europa League Final Winning XI CM Bentancur
21%
Copa del Rey Final Winning XI LB Martin
21%
FA Cup Final Winning XI RWB Munoz
21%
La Liga Title Winning Game- v Espanyol CB Christensen
20%
FA Cup Final Winning XI LWB Mitchell
20%
FA Cup Final Winning XI CB Richards
20%
FA Cup Final Winning XI CAM Sarr
20%
UEFA Europa League Final Winning XI CAM Sarr
19%
DfB Pokal Final Winning XI ST Undav
19%
Ligue 1 Title Winning Game- v Angers CM Zaire-Emery
19%
Serie A Title Winning Game- v Cagliari CDM Gilmour
17%
European Golden Shoe Top 10 9. Sturm Graz/ AS Monaco- 24 goals Mika Biereth
17%
Serie A Title Winning Game- v Cagliari RW Politano
17%
UEFA Conference League Final Winning XI CB Badiashile
16%
Copa del Rey Top Scorer Ferran Torres
16%
Bundesliga Most Clean Sheets Peter Gulacsi
16%
Coup de France Final Winning XI GK Safonov
16%
Ligue 1 Most Clean Sheets Brice Samba
15%
UEFA Europa League Joint Bruno Fernandes
15%
Ligue 1 Title Winning Game- v Angers LB Hernandez
15%
DfB Pokal Final Winning XI CM Stiller
15%
DfB Pokal Final Winning XI ST Woltemade
15%
Serie A Title Winning Game- v Cagliari CB Rrahmani
13%
Serie A Title Winning Game- v Cagliari LB Spinazzola
13%
FA Cup Final Winning XI CM Kamada
12%
DfB Pokal Final Winning XI LB Mittelstadt
12%
Coppa Italia Final Winning XI LW Ndoye
12%
Coppa Italia Final Winning XI RW Orsolini
12%
UEFA Europa League Final Winning XI LM Richarlison
12%
Coppa Italia Winning Manager Vincenzo Italiano
12%
UEFA Conference League Top Scorer Afimico Pululu
11%
UEFA Europa League Top Scorer (Joint) Ayoub El Kaabi
11%
UEFA Champions League Final Winning XI LW Kvaratshkelia
11%
DfB Pokal Final Winning XI RW Millot
11%
DfB Pokal Top Scorer Nick Woltemade
11%
DfB Pokal Final Winning XI GK Nubel
11%
Serie A Title Winning Game- v Cagliari LW Raspadori
11%
Coppa Italia Final Winning XI CM Freuler
9%
Coppa Italia Final Winning XI GK Skorupski
9%
Coppa Italia Final Winning XI CB Beukema
8%
DfB Pokal Final Winning XI LW Fuhrich
8%
Coppa Italia Final Winning XI ST Castro
7%
DfB Pokal Final Winning XI CB Chabot
7%
Coppa Italia Final Winning XI CDM Ferguson
7%
DfB Pokal Final Winning XI CM Karazor
7%
Coppa Italia Final Winning XI CB Lucumi
7%
Coppa Italia Final Winning XI RB Holm
5%
UEFA Europa League Joint Kasper Hogh
5%
Coppa Italia Final Winning XI LB Miranda
5%
Serie A Title Winning Game- v Cagliari CB Olivera
5%
DfB Pokal Final Winning XI RB Vagnoman
5%
Coppa Italia Final Winning XI CM Fabbian
4%
DfB Pokal Final Winning XI CB Jaquez
4%
FA Cup Top Scorer Josh Magennis
4%
Coup de France Top Scorer Julien Domingues
4%
DfB Pokal Winning Manager Sebastian Hoeneb
3%
Coppa Italia Top Scorer Tammy Abraham
3%
No matching quizzes found
Score Distribution
Percent of People with Each Score
Percentile by Number Answered
Your Score History
You have not taken this quiz since the last reset